Univerzálne mobilné zariadenia v marketingu a obchode diplomová práca

Enregistré dans:
Détails bibliographiques
Auteur principal: Štec, Martin
Collectivité auteur: Obchodná fakulta EU. Katedra informatiky obchodných firiem
Autres auteurs: Kuchta, Martin, 1990-
Format: Livre
Langue:slovaque
Publié: Bratislava 2020
Tags: Ajouter un tag
Pas de tags, Soyez le premier à ajouter un tag!

MARC

LEADER 00000nbm a2200000 4500
001 0266449
005 20201009134813.4
041 0 |a slo 
044 |a SK 
245 1 0 |a Univerzálne mobilné zariadenia v marketingu a obchode  |b diplomová práca  |c Martin Štec ; školiteľ: Martin Kuchta 
264 1 |a Bratislava  |c 2020 
300 |a 61 s. 
100 1 |a Štec, Martin 
700 1 |a Kuchta, Martin, 1990- 
710 2 |a Obchodná fakulta EU. Katedra informatiky obchodných firiem